| 000 | 00348 a2200157 4500 | ||
|---|---|---|---|
| 001 | 75464 | ||
| 020 | _a9788510064668 | ||
| 040 | _cAnchieta - Colégio São Paulo | ||
| 100 | _aSaporito, Adriana | ||
| 240 | 1 | 0 |
_aYour Turn, 2 _lpor |
| 245 | 1 | 0 | _aYour Turn, 2 |
| 300 | _a192 | ||
| 362 | 0 | _a2016 | |
| 650 | 4 | _aInglês e inglês antigo | |
| 942 | _cBK | ||
| 999 |
_c75464 _d75464 |
||